MARC details
| 000 -CABECERA |
| campo de control de longitud fija |
01581nam a22003137a 4500 |
| 003 - IDENTIFICADOR DEL NÚMERO DE CONTROL |
| campo de control |
DO-SdBNP |
| 005 - FECHA Y HORA DE LA ÚLTIMA TRANSACCIÓN |
| campo de control |
20250116125129.0 |
| 007 - CAMPO FIJO DE DESCRIPCIÓN FÍSICA--INFORMACIÓN GENERAL |
| campo de control de longitud fija |
ta |
| 008 - DATOS DE LONGITUD FIJA--INFORMACIÓN GENERAL |
| campo de control de longitud fija |
110301s2020 dr a 000 0 spa d |
| 020 ## - NÚMERO INTERNACIONAL ESTÁNDAR DEL LIBRO |
| Número Internacional Estándar del Libro |
9789945620108 |
| 040 ## - FUENTE DE LA CATALOGACIÓN |
| Centro catalogador/agencia de origen |
DO-SdBNP |
| Lengua de catalogación |
spa |
| Centro/agencia transcriptor |
BNPHU |
| 082 ## - NÚMERO DE LA CLASIFICACIÓN DECIMAL DEWEY |
| Número de clasificación |
xxxx |
| Número de documento/Ítem |
xxxx |
| 245 10 - MENCIÓN DE TÍTULO |
| Título |
Mi futuro es importante hoy 2.0 : |
| Resto del título |
recomendado para estudiantes de 15-16 años / |
| Mención de responsabilidad, etc. |
Christine de Marcellus de Vollmer, June Saunders, Carlos Beltramo, Jokin De Irala ; colaborador, Jesús Elías Michelen Embarek ; ilustración Paul Yanque |
| 260 ## - PUBLICACIÓN, DISTRIBUCIÓN, ETC. |
| Lugar de publicación, distribución, etc. |
Santo Domingo : |
| Nombre del editor, distribuidor, etc. |
Ediciones ALAFA, |
| -- |
Fundación Palabra y Vida, |
| Fecha de publicación, distribución, etc. |
2020. |
| 300 ## - DESCRIPCIÓN FÍSICA |
| Extensión |
178 p. : |
| Otras características físicas |
il. |
| Dimensiones |
25 cm. |
| 490 1# - MENCIÓN DE SERIE |
| Mención de serie |
Aprendiendo a querer ; |
| Designación de volumen o secuencia |
11 ; |
| 500 ## - NOTA GENERAL |
| Nota general |
Es un programa completo para educación en valores, educación en democracia, desarrollo de la personalidad y una sana educación sexual. |
| 500 ## - NOTA GENERAL |
| Nota general |
Para estudiantes de 15-16 años. |
| 505 2# - NOTA DE CONTENIDO CON FORMATO |
| Información miscelánea |
Unidad I -- |
| Título |
Personalidad y liderazgo -- |
| Información miscelánea |
Unidad II -- |
| Título |
Carácter, liderazgo y vida -- |
| Información miscelánea |
Unidad III -- |
| Título |
Liderazgo en acción -- |
| Información miscelánea |
Unidad IV -- |
| Título |
Carácter y relaciones -- |
| Información miscelánea |
Unidad V -- |
| Título |
Espejismo y realidad -- |
| Información miscelánea |
Unidad VI -- |
| Título |
Cambiando de rumbo -- |
| Información miscelánea |
Unidad VII -- |
| Título |
Enfrentando realidades de la vida / |
| 590 ## - NOTA LOCAL (RLIN) |
| Nota local |
Inventariado, 2022/ YL |
| 700 12 - PUNTO DE ACCESO ADICIONAL--NOMBRE DE PERSONA |
| Nombre de persona |
Marcellus de Vollmer, Christine de |
| 9 (RLIN) |
78929 |
| 700 12 - PUNTO DE ACCESO ADICIONAL--NOMBRE DE PERSONA |
| Nombre de persona |
Saunders, June |
| 9 (RLIN) |
81792 |
| 700 12 - PUNTO DE ACCESO ADICIONAL--NOMBRE DE PERSONA |
| Nombre de persona |
Beltramo, Carlos |
| 9 (RLIN) |
81793 |
| 700 12 - PUNTO DE ACCESO ADICIONAL--NOMBRE DE PERSONA |
| Nombre de persona |
De Irala, Jokin |
| 9 (RLIN) |
81794 |
| 700 12 - PUNTO DE ACCESO ADICIONAL--NOMBRE DE PERSONA |
| Nombre de persona |
Michelen Embarek, Jesús Elías |
| Término indicativo de función/relación |
col. |
| 9 (RLIN) |
72774 |
| 830 0# - PUNTO DE ACCESO ADICIONAL DE SERIE-TÍTULO UNIFORME |
| Número de parte o sección de la obra |
Aprendiendo a querer |
| Nombre de parte o sección de la obra |
11 |
| 9 (RLIN) |
81429 |
| 910 ## - DATOS DE OPCIÓN DEL USUARIO (OCLC) |
| Datos de opción del usuario |
YLockward |
| 942 ## - ELEMENTOS DE PUNTO DE ACCESO ADICIONAL (KOHA) |
| Fuente del sistema de clasificación o colocación |
Dewey Decimal Classification |
| Tipo de ítem Koha |
Libro |